000 00973nam a22003017a 4500
001 BR9700443
003 BR-BrBNA
005 20230928095459.0
007 ta
008 230509b bl.||||| |||| 00| 0 por d
040 _aBR-BrBNA
_bpor
_cBiblioteca Nacional de Agricultura
041 _a(Por)
072 _aJ10; E16
_b9205
090 _ 9205 BR9700443
110 1 _aEmpresa Brasileira de Planejamento de Transportes, Brasilia, DF (Brasil)
_93946
245 1 _aCorredores de transporte. Proposta de acoes para adequacao da infra-estrutura e para racionalizacao do transporte de graneis agricolas. Relatorio
260 3 _aBrasilia, DF (Brasil):
_c1995.
300 _a277 p.
500 _a42 ref.; 44 tables; 35 illus.
650 _aGrao
650 _aTransporte Rodoviario
650 _aTransporte Ferroviario
650 _aTransporte Fluvial
650 _aTransporte Maritimo
650 _aProducao
909 _a202309
_bLucia
_c55
_dLucia Elande
942 _cBK
999 _c56816
_d56816